Economics private and public choice
Saved in:
| Main Author: | |
|---|---|
| Format: | Book |
| Language: | English |
| Published: |
Mason
Thomson/South-Western
2006
|
| Edition: | 11th ed. |
| Subjects: | |
| Tags: |
No Tags, Be the first to tag this record!
|
MARC
| LEADER | 00000nam$a2200000$$$4500 | ||
|---|---|---|---|
| 001 | 0060773 | ||
| 005 | 20240306135635.3 | ||
| 020 | |a 978-0-324-20564-0 | ||
| 020 | |a 0-324-20564-3 | ||
| 041 | 0 | |a eng | |
| 044 | |a US | ||
| 245 | 1 | 0 | |a Economics |b private and public choice |c James D. Gwartney ... [et al.] |
| 250 | |a 11th ed. | ||
| 264 | 1 | |a Mason |b Thomson/South-Western |c 2006 | |
| 300 | |a 800 s. | ||
| 610 | 2 | 0 | |a veda ekonomická |
| 610 | 2 | 0 | |a ekonómia |
| 610 | 2 | 0 | |a myslenie ekonomické |
| 610 | 2 | 0 | |a trh |
| 610 | 2 | 0 | |a riadenie |
| 610 | 2 | 0 | |a makroekonomika |
| 610 | 2 | 0 | |a mikroekonomika |
| 610 | 2 | 0 | |a obchod medzinárodný |
| 610 | 2 | 0 | |a financie medzinárodné |
| 610 | 2 | 0 | |a trh devízový |
| 100 | 1 | |a Gwartney, James D. | |